Southville International School and Colleges
Your cart is empty.
  • Cart
  • Lists
    Public lists Eva Luna New books Lux_list list_1
    Your lists Log in to create your own lists
  • Log in to your account
  • Your cookies
  • Search history
Southville International School and Colleges
  • Advanced search
  • Recent comments
  • Most popular
  • Libraries

Log in to your account

Log in with GOOGLE


If you do not have an external account, but do have a local account, you can still log in:

  1. Home
  2. MARC view: How to write term papers and reports /
Normal view MARC view ISBD view

How to write term papers and reports / (Record no. 318)

[ view plain ]
MARC details
000 -LEADER
fixed length control field 00934cam a2200277 a 4500
001 - CONTROL NUMBER
control field 3997749
003 - CONTROL NUMBER IDENTIFIER
control field OSt
005 - DATE AND TIME OF LATEST TRANSACTION
control field 20140310181626.0
008 - FIXED-LENGTH DATA ELEMENTS--GENERAL INFORMATION
fixed length control field 960506s1997 ilua 001 0 eng
010 ## - LIBRARY OF CONGRESS CONTROL NUMBER
LC control number 96018720
020 ## - INTERNATIONAL STANDARD BOOK NUMBER
International Standard Book Number 0844258997 (pbk.)
040 ## - CATALOGING SOURCE
Original cataloging agency DLC
Transcribing agency DLC
Modifying agency DLC
050 00 - LIBRARY OF CONGRESS CALL NUMBER
Classification number LB 1047.3
Item number .Aq657 2005
082 00 - DEWEY DECIMAL CLASSIFICATION NUMBER
Classification number FIL 808.02
Item number Aq5 2005
100 1# - MAIN ENTRY--PERSONAL NAME
Personal name Aquino, Gaudencio V.
245 10 - TITLE STATEMENT
Title How to write term papers and reports /
Statement of responsibility, etc Gaudencio V. Aquino
250 ## - EDITION STATEMENT
Edition statement 2nd ed.
260 ## - PUBLICATION, DISTRIBUTION, ETC. (IMPRINT)
Place of publication, distribution, etc Lincolnwood, Ill. :
Name of publisher, distributor, etc VGM Career Horizons,
Date of publication, distribution, etc 1997.
300 ## - PHYSICAL DESCRIPTION
Extent xi, 233 p. ;
Other physical details ill. ;
Dimensions 28 cm.
650 #0 - SUBJECT ADDED ENTRY--TOPICAL TERM
Topical term or geographic name as entry element Report writing
856 42 - ELECTRONIC LOCATION AND ACCESS
Materials specified Publisher description
Uniform Resource Identifier <a href="http://www.loc.gov/catdir/description/mh051/96018720.html">http://www.loc.gov/catdir/description/mh051/96018720.html</a>
856 42 - ELECTRONIC LOCATION AND ACCESS
Materials specified Contributor biographical information
Uniform Resource Identifier <a href="http://www.loc.gov/catdir/enhancements/fy0737/96018720-b.html">http://www.loc.gov/catdir/enhancements/fy0737/96018720-b.html</a>
906 ## - LOCAL DATA ELEMENT F, LDF (RLIN)
a 7
b cbc
c orignew
d 1
e ocip
f 19
g y-gencatlg
942 ## - ADDED ENTRY ELEMENTS (KOHA)
Source of classification or shelving scheme Library of Congress Classification
Koha item type Books
Holdings
Withdrawn status Lost status Source of classification or shelving scheme Damaged status Home library Current library Shelving location Date acquired Total Checkouts Full call number Barcode Date last seen Copy number Price effective from Koha item type
    Library of Congress Classification   Luxembourg Library Luxembourg Library Filipiniana Section 02/07/2012   LB 1047.3 .Aq657 2005 13762 08/13/2013 1 10/03/2013 Books

How to write term papers and reports /

APA

Aquino G. V., . (1997). How to write term papers and reports. Lincolnwood, Ill: VGM Career Horizons.

Chicago

Aquino Gaudencio V, . 1997. How to write term papers and reports. Lincolnwood, Ill: VGM Career Horizons.

Harvard

Aquino G. V., . (1997). How to write term papers and reports. Lincolnwood, Ill: VGM Career Horizons.

MLA

Aquino Gaudencio V, . How to write term papers and reports. Lincolnwood, Ill: VGM Career Horizons. 1997.

  • Place hold
  • Print
  • Cite
  • Add to your cart (remove)
  • Save record
    BIBTEX Dublin Core MARCXML MARC (non-Unicode/MARC-8) MARC (Unicode/UTF-8) MARC (Unicode/UTF-8, Standard) MODS (XML) RIS
  • More searches
    Search for this title in:
    Other Libraries (WorldCat) Other Databases (Google Scholar) Online Stores (Bookfinder.com) Open Library (openlibrary.org)

Exporting to Dublin Core...

SOUTHVILLE LIBRARY

Southville International School and Colleges Library

1281 Tropical Ave. Cor. Luxembourg St., BF Homes International, Las Pinas City

Tel. No. 8256374 / 252358 Loc. 117/146

Powered by Koha